|
|
|
|
| LEADER |
00987nam a2200277 i 4500 |
| 001 |
3804 |
| 003 |
BD-DhAAL |
| 005 |
20151005114217.0 |
| 008 |
151005s1981 nyua b 001 0 eng |
| 010 |
|
|
|a 79025423
|
| 020 |
|
|
|a 0333474139
|
| 020 |
|
|
|a 0312767633 :
|c $35.00
|
| 040 |
|
|
|a DLC
|c DLC
|d DLC
|d BD-DhAAL
|
| 050 |
0 |
0 |
|a JX1291
|b .M55 1981
|
| 082 |
0 |
0 |
|a 327.1/6
|
| 100 |
1 |
|
|a Mitchell, C. R.
|q (Christopher Roger),
|d 1934-
|9 9150
|
| 245 |
1 |
4 |
|a The structure of international conflict /
|c C. R. Mitchell.
|
| 260 |
|
|
|a New York :
|a London :
|b St. Martin's Press,
|b Macmillan,
|c c1981.
|
| 300 |
|
|
|a xii, 355 p. :
|b ill. ;
|c 23 cm.
|
| 500 |
|
|
|a Includes index.
|
| 504 |
|
|
|a Bibliography: p. 331-340.
|
| 541 |
|
|
|e 3804
|
| 650 |
|
0 |
|a International relations
|x Research.
|9 15126
|
| 942 |
|
|
|2 ddc
|c BK
|
| 999 |
|
|
|c 35688
|d 35688
|
| 952 |
|
|
|0 0
|1 0
|2 ddc
|4 0
|6 327_100000000000000_6_MIT
|7 0
|9 56127
|a SCL
|b SCL
|c GEN
|d 2015-10-05
|e Gift: The British Council
|l 0
|o 327.16 MIT
|p 3020003804
|r 2015-10-05
|t 1
|w 2015-10-05
|y BK
|